Non-state armed actors in the Middle East : geopolitics, ideology, and strategy

Αποθηκεύτηκε σε:
Λεπτομέρειες βιβλιογραφικής εγγραφής
Άλλοι συγγραφείς: Yeşiltaş, Murat (Επιμελητής έκδοσης), Kardas, Tuncay (Επιμελητής έκδοσης)
Μορφή: Βιβλίο
Γλώσσα:English
Δημοσίευση: Cham Switzerland, Palgrave Macmillan, 2018.
Θέματα:
Διαθέσιμο Online:Ανοικτή πρόσβαση στην ηλεκτρονική μορφή:
Ετικέτες: Προσθήκη ετικέτας
Δεν υπάρχουν, Καταχωρήστε ετικέτα πρώτοι!

MARC

LEADER 00000cam a2200000 a 4500
001 1/124521
008 220318s2018####sz | ||| |||| ||eng||
020 |a 9783319552866 
040 |a GR-MyUa  |b gre  |c GR-MyUa  |e AACR2 
041 0 |a eng 
082 7 |a 303.625   |2 (23)  
245 0 0 |a Non-state armed actors in the Middle East :   |b geopolitics, ideology, and strategy /   |c επιμέλεια: Murat Yesiltas, Tuncay Kardas.  
260 |a Cham Switzerland,   |b Palgrave Macmillan,   |c 2018. 
300 |a xv, 278 σ. ;   |c 22 εκ.  
504 |a Περιέχει βιβλιογραφικές παραπομπές και ευρετήριο. 
650 0 |a Terrorism   |z Middle East. 
650 0 |a Insurgency  |z Middle East. 
650 0 |a Terrorism  |x Religious aspects  |x Islam. 
650 0 |a Human rights  |z Middle East. 
651 0 |a Middle East  |x Politics and government. 
650 0 |a Peace. 
700 1 |a Yeşiltaş, Murat,  |e edt 
700 1 |a Kardas, Tuncay,  |e edt 
852 |a INST  |b RHODES  |e 20220318  |h 303.625 NON  |p 005400042685  |q 005400042685  |t BK  |y 0 
856 |z Ανοικτή πρόσβαση στην ηλεκτρονική μορφή:   |u https://link.springer.com/content/pdf/10.1007/978-3-319-55287-3.pdf 
970 |a Σιδερή  |b Νεκταρία   |z 2022/03/18